Homenaje en memoria de José Martí y Zayas Bazán, celebrado en sesión pública el día 28 de mayo de 1953 / (Record no. 100245)
[ view plain ]
| 000 -LEADER | |
|---|---|
| campo de control de longitud fija | 01441nam a2200289 i 4500 |
| 001 - NÚMERO DE CONTROL | |
| campo de control | 100245 |
| 003 - IDENTIFICADOR DE NÚMERO DE CONTROL | |
| campo de control | ES-MaACL |
| 005 - FECHA Y HORA DE LA ÚLTIMA TRANSACCIÓN | |
| campo de control | 20251015190800.0 |
| 007 - CAMPO FIJO DE DESCRIPCIÓN FÍSICA--INFORMACIÓN GENERAL | |
| campo de control de longitud fija | t| |
| 008 - DATOS DE LONGITUD FIJA--INFORMACIÓN GENERAL | |
| campo de control de longitud fija | 050923s1953 cu 01110dspa d |
| 080 ## - NÚMERO DE LA CLASIFICACIÓN DECIMAL UNIVERSAL | |
| Número de la Clasificación Decimal Universal | 821.134.2(729.1) Martí, José 7 Ismaelillo.07 |
| 080 ## - NÚMERO DE LA CLASIFICACIÓN DECIMAL UNIVERSAL | |
| Número de la Clasificación Decimal Universal | 929 Martí y Zayas Bazán, José |
| 245 00 - MENCIÓN DEL TÍTULO | |
| Título | Homenaje en memoria de José Martí y Zayas Bazán, celebrado en sesión pública el día 28 de mayo de 1953 / |
| Mención de responsabilidad, etc. | palabras iniciadoras por el Dr. Emeterio S. Santovenia ; discursos por los doctores Joaquín Martínez Sáenz, Jorge Mañach y Robato. |
| 260 ## - PUBLICACIÓN, DISTRIBUCIÓN, ETC. | |
| Lugar de publicación, distribución, etc. | La Habana : |
| Nombre del editor, distribuidor, etc. | Academia de la Historia de Cuba, |
| Fecha de publicación, distribución, etc. | 1953 ( |
| Fabricante | Imp. El Siglo XX) |
| 300 ## - DESCRIPCIÓN FÍSICA | |
| Extensión | 49 p. ; |
| Dimensiones | 24 cm. |
| 490 1# - MENCIÓN DE SERIE | |
| Mención de serie | Publicaciones de la Academia de la Historia de Cuba |
| 505 8# - NOTA DE CONTENIDO CON FORMATO | |
| Nota de contenido con formato | Contiene: Discurso "José Martí y Zayas Bazán" / por Joaquín Martínez Sáenz . Discurso "El Ismaelillo", bautismo poético / por Jorge Mañach y Robato |
| 600 17 - PUNTO DE ACCESO ADICIONAL DE MATERIA--NOMBRE DE PERSONA | |
| Nombre de persona | Martí y Zayas Bazán, José, |
| Fechas asociadas al nombre | 1878-1945 |
| Fuente del encabezamiento o término | |
| 9 (RLIN) | 161900 |
| 600 14 - PUNTO DE ACCESO ADICIONAL DE MATERIA--NOMBRE DE PERSONA | |
| Nombre de persona | Martí, José, |
| Fechas asociadas al nombre | 1853-1895- |
| Subdivisión general | Crítica e interpretación |
| 9 (RLIN) | 77188 |
| 700 1# - ENTRADA AGREGADA--NOMBRE PERSONAL | |
| Nombre de persona | Santovenia, Emeterio S. |
| 9 (RLIN) | 103543 |
| 700 1# - ENTRADA AGREGADA--NOMBRE PERSONAL | |
| Nombre de persona | Martínez Sáenz, Joaquín. |
| 9 (RLIN) | 78394 |
| 700 1# - ENTRADA AGREGADA--NOMBRE PERSONAL | |
| Nombre de persona | Mañach, Jorge ( |
| Fechas asociadas al nombre | 1898-1961) |
| 9 (RLIN) | 76248 |
| 710 2# - ENTRADA AGREGADA--NOMBRE DE ENTIDAD CORPORATIVA | |
| Nombre de entidad corporativa o nombre de jurisdicción como elemento de entrada | Academia de la Historia de Cuba. |
| 9 (RLIN) | 1183 |
| 830 1# - PUNTO DE ACCESO ADICIONAL DE SERIE-TÍTULO UNIFORME | |
| Título uniforme | Publicaciones de la Academia de la Historia de Cuba |
| 9 (RLIN) | 232424 |
| 852 ## - LOCALIZACIÓN | |
| Ubicación | ES-MaACL |
| Número de control de estantería | 1976-F-8 |
| Estatus retirado | Estado de pérdida | Estado de daño | No para préstamo | Colección | Biblioteca de origen | Biblioteca actual | Ubicación en estantería | Fecha de adquisición | Fuente de adquisición | Total de préstamos | Signatura topográfica completa | Código de barras | Visto por última vez | Precio de reemplazo | Tipo de ítem Koha |
|---|---|---|---|---|---|---|---|---|---|---|---|---|---|---|---|
| Colección de folletos | Biblioteca del Ateneo de Madrid | Biblioteca del Ateneo de Madrid | Depósito folletos | 17/01/2008 | 1976-F-8 | 1104672 | 23/02/2023 | 23/02/2023 | Folleto |
